000 00282nam a2200121Ia 4500
005 20251222144757.0
008 251222s9999||||xx |||||||||||||| ||spa||
082 _a641.598.5/S66
100 _aSolórzano, Flavio
245 0 _aPerú a la Mesa:
264 _bAsturias
942 _cLIB
999 _c19580
_d19580